China’s strategic approach to Africa and it’s economic implications

Ekonomická prítomnosť Číny v Afrike. Strategické záujmy Číny v Afrike formou priamych zahraničných investícií. Mnohí západní pozorovatelia hovoria o neo-kolonizácii afrického kontinentu. Dve tváre čínskej angažovanosti v Afrike. Čínska stratégia v Afrike.

Gespeichert in:
Bibliographische Detailangaben
1. Verfasser: Szikorová, Nóra
Format: Buchkapitel
Sprache:Englisch
Schlagworte:
Tags: Tag hinzufügen
Keine Tags, Fügen Sie das erste Tag hinzu!

MARC

LEADER 00000nla a2200000 4500
001 0151788
005 20240502083346.4
041 0 |a eng 
044 |a HU 
245 1 0 |a China’s strategic approach to Africa and it’s economic implications  |c Nóra Szikorová 
520 |a Ekonomická prítomnosť Číny v Afrike. Strategické záujmy Číny v Afrike formou priamych zahraničných investícií. Mnohí západní pozorovatelia hovoria o neo-kolonizácii afrického kontinentu. Dve tváre čínskej angažovanosti v Afrike. Čínska stratégia v Afrike. 
610 2 0 |a investície priame zahraničné 
610 2 0 |a investície zahraničné 
610 2 0 |a kolonizácia 
610 2 0 |a Čína 
610 2 0 |a Afrika 
100 1 |a Szikorová, Nóra